000 00749cab a2200193 4500
001 ##L133488
008 060512n2006 000 0 eng u
035 _a(Sirsi) u133488
041 0 _aeng
100 1 _aAbbott, Duncan
245 0 0 _aTurning down the sound
_bhow to combat office noise
260 _c2006
490 0 _aFacilities Management
_v13(8) 22-23(2)
520 _aLooks at the sources of noise in offices, the effects on workers of noise, and how facilities managers can improve the acoustic environment. Provides sources of further information on noise control from the Health and Safety Executive.
590 _aIKA230506
650 2 4 _aCONTROL OF NOISE AT WORK REGULATIONS 2005
690 _aHealth and safety
_96244
942 _n0
999 _c77036
_d77036